000 00615nam a22001937a 4500
999 _c195369
_d195369
005 20230324101039.0
010 _aENG-136472
020 _a9798369912621
_c1570.00
035 _aEN-120006
037 _bDBAD/PUB
082 _a621.38
100 _aVeeramanikandasamy,T
245 _aPractical Electronics :
_cBy T.Veeramanikandasamy
_bEmbedded System With Pics18 Microcontrollers /
250 _aFirst
260 _bDepartment Of Electronics And Communication Systems
_aCoimbatore
_c2022
270 _bCoimbatore
_e641008
300 _aviii322p.
_c23cm(pbk)
942 _2ddc
_cEN
_h621.38
_mVEE